|
|
|
|
| LEADER |
00000nam#a22000001ab4500 |
| 001 |
00011302 |
| 003 |
AR-BaUAD |
| 005 |
20230908140504.0 |
| 008 |
940215s1962####sp#a|||##||||||||#||spa|d |
| 040 |
|
|
|a AR-BaUAD
|b spa
|c AR-BaUAD
|
| 041 |
|
|
|a spa
|
| 044 |
|
|
|c es
|2 ISO3166-1
|
| 100 |
1 |
|
|a Alaman, Aurelio
|
| 245 |
1 |
0 |
|a Impermeabilidad de muros de ladrillo al agua de lluvia..
|
| 260 |
|
|
|a Madrid :
|b Consejo Superior de Investigaciones Científicas, Patronato Juan de la Cierva de Investigación Técnica,
|c 1962
|
| 300 |
|
|
|a 99 p., 1 h., láms. :
|b il., diagr.
|
| 490 |
|
|
|a Monografías ;
|v no 224
|
| 504 |
|
|
|a Bibliografía: p. [103].
|
| 653 |
|
|
|a AISLAMIENTO HIDROFUGO
|
| 653 |
|
|
|a MATERIALES DE CONSTRUCCION
|
| 653 |
|
|
|a CONSTRUCCION
|
| 655 |
|
|
|a TEXTO
|
| 852 |
|
|
|c 11-4
|
| 952 |
|
|
|0 0
|1 0
|2 udc
|4 0
|6 114
|7 0
|9 10507
|a AR-BaUAD
|b AR-BaUAD
|d 1967-12-29
|e compra Naciones
|g 800.00
|i 11302
|l 0
|o 11-4
|p 8ug3k11302
|r 2023-09-08 14:05:04
|t 1
|w 2023-09-08
|y BK
|
| 952 |
|
|
|0 0
|1 0
|2 udc
|4 0
|6 114
|7 0
|9 10508
|a AR-BaUAD
|b AR-BaUAD
|d 2023-12-27
|e donac. anónima
|g 4200.00
|i 37247
|l 0
|o 11-4
|p h795631-882
|r 2023-09-08 14:05:04
|t 2
|w 2023-09-08
|y BK
|
| 990 |
|
|
|a Ej. No1 : 11302 Transfer. del IT . 29/12/1967 -- compra Naciones -- (800 pesos).
|b ADM
|
| 990 |
|
|
|a Ej. No2 : 31-882 . 8/11/1967 -- donac. (420 pesos).
|b ADM
|
| 990 |
|
|
|a CO196
|b TD
|
| 990 |
|
|
|a AAQ00011302
|b CC
|
| 998 |
|
|
|a AAQ
|b Bibun 76
|
| 942 |
|
|
|c BK
|
| 999 |
|
|
|c 4830
|d 4830
|